000 00536nam a2200181Ia 4500
008 090122s9999 xx 000 0 und d
082 _b12742
100 _aकाळे
_b
_cपु
245 _aवन फॉर द रोड
260 _bमेहता पब्लिशिंग हाऊस
_c2006
300 _a133
501 _aललित वितरण
600 _aकाळे
630 _aवन फॉर द रोड
700 _aकाळे
730 _aवन फॉर द रोड
942 _cBOOK
999 _c36819
_d36819